Economics : private and public choice /

Saved in:
Bibliographic Details
Main Author: Gwartney, James D. (James David), 1940-
Other Authors: Stroup, Richard, Studenmund, A. H.
Format: Book
Language:English
Published: San Diego : Harcourt Brace Jovanovich, c1987.
Edition:4th ed.
Subjects:
LEADER 01163nam a2200301 a 4500
001 c000179998
003 CARM
005 19930615000000.0
008 870917s1987 caua b 001 0 eng
019 1 |a 22613459  |z 5548338  |5 LACONCORD2021 
020 |a 0155188801 
035 |a (OCoLC)15604444  |5 LACONCORD2021 
040 |a LC  |b eng  |c LC  |d XNTU 
050 0 0 |a HB171.5  |b .G96 1987 
082 0 4 |a 330  |2 19 
100 1 |a Gwartney, James D.  |q (James David),  |d 1940- 
245 1 0 |a Economics :  |b private and public choice /  |c James D. Gwartney, Richard L. Stroup ; with the assistance of A. H. Studenmund. 
250 |a 4th ed. 
260 |a San Diego :  |b Harcourt Brace Jovanovich,  |c c1987. 
300 |a xxx, 862 p. :  |b ill. (some col.) ;  |c 26 cm. 
500 |a Illustrated lining papers. 
504 |a Includes bibliographical references and index. 
650 0 |a Economics. 
700 1 |a Stroup, Richard. 
700 1 |a Studenmund, A. H. 
852 8 |b CARM  |h A2:AR17E0  |i D07407  |p 0242404  |f BK 
999 f f |i eef08bb3-60d4-5f95-b78c-0c072ca5fa10  |s ca21075d-b75f-5ec7-90da-5270903956dd 
952 f f |p Can circulate  |a CAVAL  |b CAVAL  |c CAVAL  |d CARM 1 Store  |e D07407  |f A2:AR17E0  |h Other scheme  |i book  |m 0242404